000 00644nam a22001937a 4500
999 _c176050
_d176050
005 20201023161845.0
010 _aUR-10908
020 _c76.00
_a9789389733013
035 _aU-9463
037 _bDBAD/PUB
082 _a305.1
100 _dا حسا ن عا لم
245 _aبچو ں کے سنگ
_cا حسا ن عا لم
246 _bBachchon Ke Sang (Urdu)
_aby Ahsan Alam
260 _aN.Delhi
_bEducational Publishing House
_c2019 ء
270 _aH.O.D1/16,Ansari Road,Darya ganj,
_bN.Delhi
_e110002
_k45678285,23216162
_l0091-11-23211540
300 _a104 ص
_c22 Cm(Hb)
942 _2ddc
_cUR
_h305.1
_mا ح س